000 00652nab a2200217 a 4500
001 69100
003 142936
005 20201118110617.0
008 ||||||n9999 ||| || ||
041 _aspa
100 _aRivas Leone, José Antonio
245 0 _aPolitica y antipolitica :
_bun debate entre viejas y nuevas formas de hacer politica pp.11-32
260 _aVenezuela :
_bUniversidad del Zulia,
_c1999.
562 _e0
650 _aDEMOCRACIA
650 _aDESARROLLO POLÍTICO
650 _aMECANISMOS DE PARTICIPACIÓN POLÍTICA
650 _aPARTIDOS POLÍTICOS
773 _068052
_aCuestiones políticas - No.22
942 _cSART
999 _c69100
_d69100